000 00758nam a2200217 i 4500
001 96480
003 ES-MaACL
005 20230906181924.0
007 t|
008 050627s1914 fr |||| | spa d
100 1 _aMalet, Albert.
_975754
245 1 0 _aCurso completo de historia para uso de la segunda enseñanza /
_cpor Albert Malet ; con la colaboración de Charles Maquet ; versión castellana por Miguel Ruiz.
250 _a6ª ed.
260 _aParis :
_bCoulommiers,
_c1914.
300 _a3 t. en 2 v. ;
_c19 cm.
505 8 _aContiene: I. El Oriente - II. Grecia - III. Roma
650 4 _aHistoria antigua-
_vLibros escolares.
_9167120
700 1 _aMaquet, Charles.
_976283
700 1 _aRuiz, Miguel.
_9100623
852 _aES-MaACL
_jB-6074-75
999 _c96480
_d96480